Ч. 1; Геодезическое обеспечение строительства нефтегазопроводов

Bibliografiska uppgifter
Parent link:Геодезическое обеспечение строительства нефтегазопроводов: конспект лекций/ Национальный исследовательский Томский политехнический университет (ТПУ) ; сост. Н. А. Антропова. Ч. 1.— , 2014
Sammanfattning:В пособии рассмотрены основные виды инженерно-геодезических работ, выполняемых при изысканиях, проектировании, строительстве и эксплуатации нефтегазопроводов. Изложены методы изысканий, этапы и элементы производства разбивочных работ; порядок расчета горизонтальных и вертикальных кривых на трассе, при составлении проекта вертикальной планировки рельефа. Предназначено для студентов, обучающихся по направлению 131000 «Нефтегазовое дело».
Språk:ryska
Publicerad: 2014
Ämnen:
Materialtyp: MixedMaterials Bok
KOHA link:https://koha.lib.tpu.ru/cgi-bin/koha/opac-detail.pl?biblionumber=270005

MARC

LEADER 00000nam2a2200000 4500
001 270005
005 20231101234316.0
035 |a (RuTPU)RU\TPU\book\293185 
035 |a RU\TPU\book\293184 
090 |a 270005 
100 |a 20140923d2014 m y0rusy50 ca 
101 0 |a rus 
102 |a RU 
105 |a a j 001zy 
200 0 |a Ч. 1 
210 |d 2014 
215 |a 142 с.  |c ил. 
320 |a Библиогр.: с. 139-141. 
330 |a В пособии рассмотрены основные виды инженерно-геодезических работ, выполняемых при изысканиях, проектировании, строительстве и эксплуатации нефтегазопроводов. Изложены методы изысканий, этапы и элементы производства разбивочных работ; порядок расчета горизонтальных и вертикальных кривых на трассе, при составлении проекта вертикальной планировки рельефа. Предназначено для студентов, обучающихся по направлению 131000 «Нефтегазовое дело». 
452 1 |0 (RuTPU)RU\TPU\book\296653  |t Ч. 1  |d 2014 
461 1 |0 (RuTPU)RU\TPU\book\294003  |t Геодезическое обеспечение строительства нефтегазопроводов  |o конспект лекций  |o учебное пособие  |o в 2 ч.  |f Национальный исследовательский Томский политехнический университет (ТПУ) ; сост. Н. А. Антропова  |v Ч. 1  |d 2014 
606 1 |a Трубопроводный транспорт нефти и газа  |x Горное дело  |2 stltpush  |3 (RuTPU)RU\TPU\subj\61734  |9 78897 
606 1 |a Инженерно-геодезические работы  |2 stltpush  |3 (RuTPU)RU\TPU\subj\12579  |9 39342 
610 1 |a нефтегазопроводы 
610 1 |a строительство 
610 1 |a инженерно-геодезические изыскания 
610 1 |a геодезические сети 
610 1 |a геодезическое проектирование 
610 1 |a разбивочные работы 
610 1 |a проекты 
610 1 |a лекции 
610 1 |a учебные пособия 
610 1 |a труды учёных ТПУ 
675 |a 622.69(075.8)  |v 3 
675 |a 528.48(075.8)  |v 3 
801 1 |a RU  |b 63413507  |c 20140923 
801 2 |a RU  |b 63413507  |c 20141027  |g RCR 
900 |a Проектирование и эксплуатация газонефтепроводов, нефтебаз и газохранилищ 
900 |a Инженерная геодезия 
942 |c BK 
954 |b 131000  |l 8